| 000 | 00454nab a2200145Ia 4500 | ||
|---|---|---|---|
| 003 | ES-SlBCS | ||
| 005 | 20210601130448.0 | ||
| 008 | 140529s1959 xxu||||| |||| 00| 0 fre d | ||
| 041 | _afre | ||
| 100 | 1 |
_aBoyer, Charles _98871 |
|
| 245 | 0 | 0 |
_aBergson et l'immortalité de l'âme _c Charles Boyer |
| 600 | 1 |
_aBergson, Henri-Inmortalidad del Alma _9173283 |
|
| 773 | 0 |
_tGiornali di Metafisica _gvol. 14, nº. 6, 1959, págs. 753-758 _w0017-0372 |
|
| 942 | _cAR | ||
| 999 |
_c547087 _d547087 |
||